Rozdielnosť predstáv o financovaní zo zasadnutia Rady vlády Slovenskej republiky pre verejnú správu

Bibliographic Details
Main Author: Búšik, Jozef, 1950- (Author)
Format: Article
Language:Slovak
PhysicalDescription:Fotogr.
Subjects:

MARC

LEADER 00000nab a2200000 a 4500
001 vtls000776466
003 SK-MaSNL
005 20260303225121.0
008 180206c2001 xo 0 slo
015 |a SNBRB2001/12-35016 
035 |a CLN000128252 
040 |a SNKBUCL  |b slo  |c SNKBUCL  |e AACR2 
041 0 |a slo 
044 |a xo  |c SK 
080 |a 328.1(437.6):352/354  |2 UDC-MRF-SK2 
100 1 |a Búšik, Jozef,  |d 1950-  |4 aut  |9 242062 
245 1 0 |a Rozdielnosť predstáv o financovaní  |b zo zasadnutia Rady vlády Slovenskej republiky pre verejnú správu  |c Jozef Búšik 
300 |b Fotogr. 
610 7 |a Slovensko  |b Vláda  |x zasadanie  |y 27.9. 2001  |2 snkbucl  |9 1261518 
655 7 |a články z novín a časopisov  |2 snkbucl  |9 267496 
773 0 |t Verejná správa  |g Roč. 56, č. 21 (2001), s. 11 
850 |a Slovenská národná knižnica v Martine 
852 |a SNK  |b KIS3GCP 
958 |a RBX 
999 |c 2255752  |d 2257682